Microsoft Windows 2000 Server : Kit de recursos guía de implantación
| Main Author: | |
|---|---|
| Format: | Section = Libro |
| Language: | Undetermined Spanish |
| Published: |
España
McGraw-Hill
2000
|
| Subjects: |
| LEADER | 00645nam a2200205Ia 4500 | ||
|---|---|---|---|
| 008 | 240829s9999 xx 000 0 und d | ||
| 020 | |a 84-481-2845-1 | ||
| 040 | |a BIBLIOTECA-RUSB/ Ref 005.74 E77 | ||
| 041 | |a spa | ||
| 082 | |a Ref 005.74 E77 | ||
| 100 | 1 | |a España. Microsoft Corporation | |
| 245 | 1 | 0 | |a Microsoft Windows 2000 Server : Kit de recursos guía de implantación |
| 260 | |a España |b McGraw-Hill |c 2000 | ||
| 300 | |a 942 p. :il. | ||
| 650 | 7 | |a ADMINISTRACION DE ARCHIVOS Y BASES DE DATOS | |
| 650 | 7 | |b ESTRUCTURA LOGICA - ACTIVE DIRECTORY | |
| 650 | 7 | |c PROTOCOLOS SEGURIDAD DE DATOS | |
| 942 | |c BK |2 ddc | ||
| 991 | |a TEXTO | ||
| 999 | |c 5631 | ||